00453 2200181 4500001002100000005001500021008004100036020002200077035001900099041000700118082001100125090001600136100002400152245002700176260001800203300002900221650002100250INLIS00000000000402220241224112831241224||||||||| | ||| |||| || |  a978-602-1647-02-8 0010-1224004022 aid0 a808..3 a808.3 PAS o0 aSamson Rambah Pasir00aOgong Emas Yang Hilang bAnalisac2013 aix,112 hlm.:ilus.;20 cm. 0aImu Kesusastraan